[Event "AUTO-MASTER-563"]
[Site "http://www.queenalice.com/game.php?id=431595"]
[Date "2008.7.11"]
[Round "1"]
[White "Janowisk"]
[Black "daf88"]
[Result "1-0"]
[WhiteElo "2176"]
[BlackElo "2083"]

1. d4 Nf6 2. Nc3 d5 3. Nf3 e6 4. a3 c5 5. e3 Nc6 6. Be2 Be7 7. dxc5 Bxc5 8. b4
Bd6 9. Nb5 Be7 10. c4 O-O 11. cxd5 exd5 12. Nc3 Be6 13. Bb2 Rc8 14. Qd3 g6 15.
O-O Bf5 16. Qd2 Ne4 17. Nxe4 dxe4 18. Qc3 f6 19. Rad1 Qb6 20. Qb3+ Kg7 21. Nh4
Rfd8 22. Nxf5+ gxf5 23. Qe6 Qc7 24. Qxf5 Rxd1 25. Rxd1 Rd8 26. Qg5+ 1-0

[Event "AUTO-MASTER-563"]
[Site "http://www.queenalice.com/game.php?id=431604"]
[Date "2008.7.11"]
[Round "1"]
[White "Janowisk"]
[Black "allazzarini"]
[Result "1-0"]
[WhiteElo "2223"]
[BlackElo "2121"]

1. d4 Nf6 2. Nc3 d5 3. Bg5 c6 4. Nf3 Bf5 5. e3 Nbd7 6. Bd3 Bg6 7. O-O h6 8. Bxf6
gxf6 9. Bxg6 fxg6 10. e4 dxe4 11. Nxe4 Bg7 12. Nh4 Kf7 13. c3 f5 14. Qb3+ e6 15.
Nd6+ Kf6 16. Rfe1 Qe7 17. Nxb7 Rab8 18. Nxg6 Rxb7 19. Qxb7 Kxg6 20. Qxc6 Kf7 21.
Re2 Nb6 22. Rae1 Qd7 23. Qxd7+ Nxd7 24. Rxe6 Bf6 25. Rc6 Re8 26. Rxe8 Kxe8 27.
Ra6 Bg5 28. Rxa7 Bc1 29. Rb7 Ke7 30. a4 Kd6 31. a5 Kc6 32. a6 Nb6 33. c4 Nxc4
34. d5+ 1-0

[Event "AUTO-MASTER-563"]
[Site "http://www.queenalice.com/game.php?id=431605"]
[Date "2008.7.11"]
[Round "1"]
[White "allazzarini"]
[Black "Janowisk"]
[Result "0-1"]
[WhiteElo "2137"]
[BlackElo "2200"]

1. e4 c5 2. Nf3 e6 3. d4 cxd4 4. Nxd4 a6 5. a4 Nf6 6. Nc3 Bb4 7. Bd3 Bxc3+ 8.
bxc3 d6 9. O-O O-O 10. Bg5 h6 11. Bh4 g5 12. Bg3 e5 13. Nb3 Be6 14. Qe2 Nbd7 15.
h4 Qe7 16. hxg5 hxg5 17. Qd2 Nh5 18. Bh2 Rac8 19. a5 Nf4 20. Nc1 Qf6 21. Ne2 Nc5
22. Rfb1 Kg7 23. Rb6 Rh8 24. Bxf4 gxf4 25. Kf1 f3 26. Ng3 fxg2+ 27. Kxg2 Nxd3
28. Qxd3 Rh2+ 0-1

[Event "AUTO-OPEN-911"]
[Site "http://www.queenalice.com/game.php?id=441641"]
[Date "2008.7.31"]
[Round "3"]
[White "Janowisk"]
[Black "darth_antonius"]
[Result "1-0"]
[WhiteElo "2161"]
[BlackElo "1934"]

1. d4 d5 2. c4 dxc4 3. e4 b5 4. a4 c6 5. b3 Qa5+ 6. Bd2 b4 7. Bxc4 Nf6 8. Qc2 e6
9. Nf3 Be7 10. O-O O-O 11. Bg5 h6 12. Bxf6 Bxf6 13. e5 Be7 14. Qe4 Bb7 15. Bd3
c5 16. Qh7# 1-0

[Event "AUTO-OPEN-911"]
[Site "http://www.queenalice.com/game.php?id=441642"]
[Date "2008.7.31"]
[Round "3"]
[White "darth_antonius"]
[Black "Janowisk"]
[Result "0-1"]
[WhiteElo "1934"]
[BlackElo "2169"]

1. e4 c5 2. Nf3 e6 3. d4 cxd4 4. Nxd4 Nf6 5. Nc3 d6 6. Bb5+ Bd7 7. Qe2 Nc6 8.
Nxc6 Bxc6 9. Bxc6+ bxc6 10. O-O Be7 11. Bg5 O-O 12. Rfd1 d5 13. e5 Nd7 14. Bxe7
Qxe7 15. f4 Qc5+ 0-1

[Event "AUTO-MASTER-477"]
[Site "http://www.queenalice.com/game.php?id=469336"]
[Date "2008.9.27"]
[Round "2"]
[White "Gil"]
[Black "Janowisk"]
[Result "1-0"]
[WhiteElo "2292"]
[BlackElo "2222"]

1. d4 Nf6 2. Nf3 d5 3. e3 e6 4. c4 Be7 5. Nc3 O-O 6. Be2 dxc4 7. Bxc4 a6 8. O-O
b5 9. Bd3 Bb7 10. Qc2 Nbd7 11. e4 Nh5 12. e5 Bxf3 13. gxf3 1-0

[Event "AUTO-MASTER-477"]
[Site "http://www.queenalice.com/game.php?id=469337"]
[Date "2008.9.27"]
[Round "2"]
[White "Janowisk"]
[Black "Gil"]
[Result "0-1"]
[WhiteElo "2233"]
[BlackElo "2281"]

1. d4 d5 2. c4 dxc4 3. e4 Nf6 4. e5 Nd5 5. Bxc4 Nb6 6. Bb3 Nc6 7. Nf3 g6 8. Ng5
e6 9. Be3 Nd5 10. Ne4 Nxe3 11. fxe3 Bg7 12. O-O O-O 0-1

[Event "AUTO-MASTER-689"]
[Site "http://www.queenalice.com/game.php?id=509001"]
[Date "2008.12.17"]
[Round "1"]
[White "Janowisk"]
[Black "CCapivara"]
[Result "0-1"]
[WhiteElo "2210"]
[BlackElo "2099"]

1. e4 d6 2. d4 Nf6 3. Nc3 c6 4. Nf3 Bg4 5. Be2 Nbd7 6. O-O e5 7. a4 Be7 8. h3
Bh5 9. Be3 O-O 10. Nd2 Bxe2 11. Qxe2 Re8 12. f4 Qc7 13. f5 d5 14. exd5 Nxd5 15.
Nxd5 cxd5 16. Qb5 exd4 17. Bxd4 Bf6 18. c3 Bxd4+ 19. cxd4 Nf6 20. Rac1 Qg3 21.
Rc3 Qd6 22. Qxb7 Rab8 23. Qc7 Qxc7 24. Rxc7 Rxb2 25. Nf3 h6 26. Rf2 Rxf2 0-1

[Event "AUTO-MASTER-689"]
[Site "http://www.queenalice.com/game.php?id=509002"]
[Date "2008.12.17"]
[Round "1"]
[White "CCapivara"]
[Black "Janowisk"]
[Result "1-0"]
[WhiteElo "2077"]
[BlackElo "2227"]

1. e4 c5 2. Nf3 e6 3. Be2 Nc6 4. O-O Nf6 5. Nc3 d5 6. exd5 exd5 7. d4 Be7 8. Bf4
O-O 9. dxc5 Bxc5 10. Bg5 Be6 11. Bxf6 Qxf6 12. Nxd5 Qxb2 13. Nc7 Rac8 14. Nxe6
fxe6 15. Bc4 Qf6 16. Qd7 Nd4 17. Nxd4 Bxd4 18. Qxe6+ Kh8 19. Rad1 Bxf2+ 20. Kh1
Qxe6 21. Bxe6 Rxc2 22. Rd7 Rb2 23. Bb3 Rb8 24. Rf7 Bc5 25. Rc7 Rf2 26. Rxf2 Bxf2
27. g3 b5 28. Kg2 1-0

[Event "AUTO-MASTER-689"]
[Site "http://www.queenalice.com/game.php?id=509003"]
[Date "2008.12.17"]
[Round "1"]
[White "Janowisk"]
[Black "JulioCG"]
[Result "0-1"]
[WhiteElo "2177"]
[BlackElo "2028"]

1. e4 c5 2. Nf3 Nc6 3. d4 cxd4 4. Nxd4 e6 5. Nc3 Bb4 6. Nxc6 bxc6 7. Qd4 Bxc3+
8. Qxc3 Nf6 9. e5 Nd5 10. Qg3 O-O 11. Bh6 Qa5+ 12. Kd1 g6 13. Bxf8 Kxf8 14. Bd3
Ba6 15. Bxa6 Qxa6 16. Qa3+ Qxa3 17. bxa3 Nc3+ 18. Kd2 Nd5 19. c4 Nb6 20. Rhc1
Ke7 21. Rab1 f6 22. exf6+ Kxf6 23. c5 Nd5 0-1

[Event "AUTO-MASTER-689"]
[Site "http://www.queenalice.com/game.php?id=509004"]
[Date "2008.12.17"]
[Round "1"]
[White "JulioCG"]
[Black "Janowisk"]
[Result "1-0"]
[WhiteElo "2004"]
[BlackElo "2195"]

1. e4 c5 2. Nf3 e6 3. Bc4 Nc6 4. O-O g5 5. d3 h6 6. a3 Bg7 7. Be3 d5 8. exd5
exd5 9. Bb5 Qb6 10. Bxc6+ bxc6 11. Re1 Ne7 12. Qe2 O-O 13. Bxg5 hxg5 14. Nxg5
Qxb2 15. Qh5 Bf5 16. Nd2 Qxc2 17. Ngf3 Bxa1 18. Rxa1 Bxd3 19. Nf1 Rab8 20. Re1
Rb1 21. Qg5+ Ng6 22. Rxb1 Qxb1 23. Nd2 1-0

[Event "AUTO-MASTER-563"]
[Site "http://www.queenalice.com/game.php?id=513978"]
[Date "2008.12.29"]
[Round "2"]
[White "Janowisk"]
[Black "Escila"]
[Result "1-0"]
[WhiteElo "2219"]
[BlackElo "2070"]

1. e4 c5 2. b4 Qb6 3. bxc5 Qb4 4. Nf3 Qxe4+ 5. Be2 Nc6 6. d4 Nb4 7. Na3 b6 8.
Ng5 Qg6 9. Rb1 bxc5 10. dxc5 a5 11. Bh5 Qc6 12. Bxf7+ Kd8 13. Ne6+ 1-0

[Event "AUTO-MASTER-563"]
[Site "http://www.queenalice.com/game.php?id=513979"]
[Date "2008.12.29"]
[Round "2"]
[White "Escila"]
[Black "Janowisk"]
[Result "1-0"]
[WhiteElo "2031"]
[BlackElo "2161"]

1. e4 c5 2. Nf3 e6 3. d4 cxd4 4. Nxd4 a6 5. c4 Qc7 6. a3 Nf6 7. Nc3 Nxe4 8. Nxe4
Qe5 9. Qc2 f5 10. Nf3 Qxe4+ 11. Qxe4 fxe4 12. Ng5 d5 13. Be3 Nc6 14. Rd1 Ne7 15.
Bc5 h6 16. Nh3 Bd7 17. Nf4 Rc8 18. b4 g5 19. Nh5 Ba4 20. Rd2 1-0

[Event "Blackmar-Diemer"]
[Site "http://www.queenalice.com/game.php?id=525453"]
[Date "2009.1.19"]
[Round "2"]
[White "Janowisk"]
[Black "mhemzo"]
[Result "0-1"]
[WhiteElo "2145"]
[BlackElo "1278"]

1. d4 d5 2. e4 dxe4 3. Nc3 e5 4. Nxe4 Qxd4 5. Qxd4 exd4 6. Nf3 Nc6 7. Bf4 Bf5 8.
Bd3 Bb4+ 9. Kf1 O-O-O 10. a3 Be7 11. Re1 Bg6 12. b4 a6 13. h4 Nf6 14. Ne5 Bxe4
15. Bxe4 Nxe4 16. Rxe4 Rhe8 17. Nxf7 Bf6 18. Rxe8 Rxe8 19. Ng5 h6 0-1